<?xml version="1.0" encoding="UTF-8"?>
<record
    xmlns:xsi="http://www.w3.org/2001/XMLSchema-instance"
    xsi:schemaLocation="http://www.loc.gov/MARC21/slim http://www.loc.gov/standards/marcxml/schema/MARC21slim.xsd"
    xmlns="http://www.loc.gov/MARC21/slim">

  <leader>00782nam a2200217Ia 4500</leader>
  <controlfield tag="003">OSt</controlfield>
  <controlfield tag="005">20240808120652.0</controlfield>
  <controlfield tag="008">210719s2015    xx            000 0 und d</controlfield>
  <datafield tag="020" ind1=" " ind2=" ">
    <subfield code="a">AL</subfield>
  </datafield>
  <datafield tag="040" ind1=" " ind2=" ">
    <subfield code="c">AL</subfield>
  </datafield>
  <datafield tag="041" ind1=" " ind2=" ">
    <subfield code="a">kan</subfield>
  </datafield>
  <datafield tag="082" ind1=" " ind2=" ">
    <subfield code="a">K894.9 BHUK</subfield>
  </datafield>
  <datafield tag="100" ind1=" " ind2=" ">
    <subfield code="a">BHUVANA PRASADA HEGDE (B):  &#xCAD;&#xCC1;&#xCB5;&#xCA8; &#xCAA;&#xCCD;&#xCB0;&#xCB8;&#xCBE;&#xCA6; &#xCB9;&#xCC6;&#xC97;&#xCA1;&#xCC6; (&#xCAC;&#xCBF;) </subfield>
    <subfield code="9">175803</subfield>
  </datafield>
  <datafield tag="245" ind1=" " ind2=" ">
    <subfield code="a">Kayyara shatapurti sambhrama: baduku baraha gavrava</subfield>
    <subfield code="b">&#xC95;&#xCAF;&#xCCD;&#xCAF;&#xCBE;&#xCB0; &#xCB6;&#xCA4;&#xCAA;&#xCC2;&#xCB0;&#xCCD;&#xCA4;&#xCBF; &#xCB8;&#xC82;&#xCAD;&#xCCD;&#xCB0;&#xCAE; &#xCAC;&#xCA6;&#xCC1;&#xC95;&#xCC1; &#xCAC;&#xCB0;&#xCB9; &#xC97;&#xCCC;&#xCB0;&#xCB5; </subfield>
  </datafield>
  <datafield tag="260" ind1=" " ind2=" ">
    <subfield code="a">Manipala</subfield>
    <subfield code="b">Pavana Prakashana</subfield>
    <subfield code="c">2015</subfield>
  </datafield>
  <datafield tag="300" ind1=" " ind2=" ">
    <subfield code="a">48</subfield>
    <subfield code="b">PB</subfield>
  </datafield>
  <datafield tag="650" ind1=" " ind2=" ">
    <subfield code="a">Kannada Criticism</subfield>
    <subfield code="9">175804</subfield>
  </datafield>
  <datafield tag="650" ind1=" " ind2=" ">
    <subfield code="a">Kannada Criticism</subfield>
    <subfield code="9">175804</subfield>
  </datafield>
  <datafield tag="906" ind1=" " ind2=" ">
    <subfield code="a">baduku ; bareha ; gavrava ; Kayyara ; sambhrama: ; shatapurti</subfield>
  </datafield>
  <datafield tag="942" ind1=" " ind2=" ">
    <subfield code="2">ddc</subfield>
    <subfield code="c">BK</subfield>
  </datafield>
  <datafield tag="999" ind1=" " ind2=" ">
    <subfield code="c">215608</subfield>
    <subfield code="d">215608</subfield>
  </datafield>
  <datafield tag="952" ind1=" " ind2=" ">
    <subfield code="0">0</subfield>
    <subfield code="1">0</subfield>
    <subfield code="4">0</subfield>
    <subfield code="7">0</subfield>
    <subfield code="8">Kannada</subfield>
    <subfield code="a">AL</subfield>
    <subfield code="b">AL</subfield>
    <subfield code="d">2016-02-09</subfield>
    <subfield code="e">General Annual</subfield>
    <subfield code="l">0</subfield>
    <subfield code="o">K894.9 BHUK</subfield>
    <subfield code="p">D04242</subfield>
    <subfield code="r">2021-07-19 00:00:00</subfield>
    <subfield code="w">2021-07-19</subfield>
    <subfield code="y">DB</subfield>
  </datafield>
</record>
